[Event "DEM U18w 2015"]
[Site "Willingen GER"]
[Date "2015.05.29"]
[Round "8"]
[White "Leinemann, Vivien Sophie"]
[Black "Wolff, Marie Antoinette"]
[Result "1/2-1/2"]
[Termination "normal"]
[Board "10"]
[WhiteElo "1425"]
[BlackElo "1596"]
[PlyCount "104"]
[WhiteFideId "16208536"]
[BlackFideId "12908258"]
[EventCountry "GER"]
[EventRounds "9"]
[EventType "swiss"]
[EventDate "2015.05.23"]

1. e4 c5 2. Nf3 Nc6 3. d4 cxd4 4. Nxd4 d6 5. Be3 Nf6 6. Nc3 g6 7. f3 Bg7 8. Qd2
O-O 9. O-O-O a6 10. g4 Bd7 11. h4 Nxg4 12. fxg4 Bxg4 13. Be2 Bxe2 14. Ncxe2 Ne5
15. h5 Nc4 16. Qd3 Nxe3 17. Qxe3 Qd7 18. hxg6 hxg6 19. Qh3 Qxh3 20. Rxh3 Rac8
21. Nc3 e6 22. Nde2 Rfd8 23. Rhd3 Be5 24. Nb1 b5 25. Nd2 Rc6 26. Nf3 Bg7 27. e5
d5 28. b3 Rdc8 29. Ned4 R6c7 30. Kb1 Re8 31. Ne2 Rec8 32. Ned4 b4 33. Re1 a5
34. Ng5 Re7 35. Rf3 Bh6 36. Rg1 Bxg5 37. Rxg5 Kg7 38. Rg2 a4 39. Rh2 axb3 40.
axb3 Rh8 41. Rxh8 Kxh8 42. Nc6 Rd7 43. Nxb4 Kg7 44. Nd3 g5 45. Kb2 Kg6 46. b4
Kh5 47. Kb3 g4 48. Rg3 Kh4 49. Rg1 g3 50. Ne1 Rd8 51. b5 Rg8 52. Rh1+ Kg5
1/2-1/2

[Event "DEM U18w 2015"]
[Site "Willingen GER"]
[Date "2015.05.29"]
[Round "8"]
[White "Schirrmeister, Laura"]
[Black "Siegel, Aurelia"]
[Result "1/2-1/2"]
[Termination "normal"]
[Board "12"]
[WhiteElo "1166"]
[BlackElo "1633"]
[PlyCount "115"]
[WhiteFideId "24694967"]
[BlackFideId "12929581"]
[EventCountry "GER"]
[EventRounds "9"]
[EventType "swiss"]
[EventDate "2015.05.23"]

1. d4 d5 2. e3 c6 3. Bd3 g6 4. Nd2 Bg7 5. f4 Nh6 6. Ngf3 Bf5 7. e4 dxe4 8. Nxe4
Bxd4 9. c3 Bg7 10. Qb3 Qxd3 11. Nf2 Qd7 12. O-O O-O 13. Nh4 Qc7 14. Be3 Nd7 15.
Rae1 e5 16. fxe5 Bxe5 17. Bxh6 Bxh2+ 18. Kh1 Be6 19. Rxe6 fxe6 20. Qxe6+ Kh8
21. Bxf8 Rxf8 22. Qh3 Qg3 23. Qxh2 Qxh2+ 24. Kxh2 Nf6 25. Ne4 Ng4+ 26. Kg1 Re8
27. Nf6 Nxf6 28. Rxf6 Kg7 29. Rf1 Re2 30. Rb1 Kh6 31. Nf3 c5 32. a4 c4 33. Nd4
Re4 34. Nb5 a6 35. Nd6 Re7 36. Nxc4 Kg5 37. Kf2 Kf4 38. g3+ Kg4 39. Ne3+ Kg5
40. Rd1 h5 41. Kf3 Rf7+ 42. Kg2 Re7 43. Rd5+ Kh6 44. Nc4 Re4 45. Rd4 Re7 46. b4
Kg7 47. Nb6 Rc7 48. Rd7+ Rxd7 49. Nxd7 Kf7 50. g4 hxg4 51. Ne5+ Kf6 52. Nxg4+
Ke6 53. Kf3 Kd5 54. Ke3 Kc4 55. Kd2 g5 56. a5 Kd5 57. Kd3 Ke6 58. Ke4 1/2-1/2

[Event "DEM U18w 2015"]
[Site "Willingen GER"]
[Date "2015.05.30"]
[Round "9"]
[White "Poetsch, Leonore"]
[Black "Heinemann, Josefine"]
[Result "0-1"]
[Termination "normal"]
[Board "1"]
[WhiteElo "1657"]
[BlackElo "2317"]
[WhiteClock "00:36:19"]
[BlackClock "01:02:52"]
[PlyCount "74"]
[WhiteFideId "12940372"]
[BlackFideId "12900460"]
[EventCountry "GER"]
[EventRounds "9"]
[EventType "swiss"]
[EventDate "2015.05.23"]

1. e4 c5 2. Nf3 d6 3. d4 cxd4 4. Nxd4 Nf6 5. Nc3 a6 6. Be3 Ng4 7. Bc1 Nf6 8.
Be3 e6 9. Be2 Nbd7 10. f3 b5 11. a3 Bb7 12. Qd2 Rc8 13. g4 Ne5 14. g5 Nfd7 15.
h4 Nb6 16. Bf2 Nec4 17. Qc1 d5 18. Bd3 e5 19. Nf5 d4 20. Ne2 Na4 21. b3 Ncb2
22. Qb1 Nxd3+ 23. cxd3 Nc3 24. Qb2 Nxe2 25. Kxe2 g6 26. Ng3 h6 27. gxh6 Bxh6
28. h5 Rc6 29. hxg6 fxg6 30. Qb1 Qc7 31. Ra2 Qf7 32. Rf1 O-O 33. Bg1 Qf4 34.
Qe1 Rfc8 35. Kf2 Rc2+ 36. Rxc2 Rxc2+ 37. Ne2 Qe3+ 0-1

[Event "DEM U18w 2015"]
[Site "Willingen GER"]
[Date "2015.05.30"]
[Round "9"]
[White "Bluhm, Sonja Maria"]
[Black "Hund, Sarah"]
[Result "1/2-1/2"]
[Termination "normal"]
[Board "2"]
[WhiteTitle "WFM"]
[WhiteElo "2198"]
[BlackElo "1948"]
[WhiteClock "00:29:20"]
[BlackClock "00:41:06"]
[PlyCount "40"]
[WhiteFideId "24654027"]
[BlackFideId "12923338"]
[EventCountry "GER"]
[EventRounds "9"]
[EventType "swiss"]
[EventDate "2015.05.23"]

1. e4 e5 2. Nf3 Nc6 3. Bc4 Nf6 4. d3 Be7 5. O-O d6 6. a4 O-O 7. Re1 Bg4 8. h3
Bh5 9. c3 Nd7 10. Nbd2 Nc5 11. Nf1 Bxf3 12. Qxf3 Na5 13. Qg4 Nxc4 14. dxc4 Ne6
15. Be3 Bg5 16. Red1 Bxe3 17. Nxe3 Qg5 18. Qxg5 Nxg5 19. f3 Ne6 20. a5 g6
1/2-1/2

[Event "DEM U18w 2015"]
[Site "Willingen GER"]
[Date "2015.05.30"]
[Round "9"]
[White "Rahimi, Anita"]
[Black "Böhm, Jana"]
[Result "0-1"]
[Termination "normal"]
[Board "3"]
[WhiteElo "1673"]
[BlackElo "1846"]
[WhiteClock "00:38:56"]
[BlackClock "00:51:12"]
[PlyCount "45"]
[WhiteFideId "24692336"]
[BlackFideId "24661589"]
[EventCountry "GER"]
[EventRounds "9"]
[EventType "swiss"]
[EventDate "2015.05.23"]

1. d4 Nf6 2. Nf3 c5 3. c3 b6 4. Bf4 g6 5. Nbd2 Bg7 6. e3 O-O 7. Be2 d6 8. h3
Bb7 9. O-O Nbd7 10. Rc1 Qc7 11. Bg3 a6 12. a4 Bc6 13. b4 Bb7 14. Bd3 e5 15.
dxe5 Nxe5 16. Nxe5 dxe5 17. e4 Rad8 18. Nc4 Nxe4 19. Qe2 Nxg3 20. fxg3 e4 21.
Bb1 Rfe8 22. Qe3 cxb4 23. Kh1 0-1

[Event "DEM U18w 2015"]
[Site "Willingen GER"]
[Date "2015.05.30"]
[Round "9"]
[White "Fesselier, Melissa"]
[Black "Herbrig, Marie-Helen"]
[Result "1-0"]
[Termination "normal"]
[Board "4"]
[WhiteElo "1927"]
[BlackElo "1799"]
[WhiteClock "00:28:53"]
[BlackClock "00:30:58"]
[PlyCount "107"]
[WhiteFideId "20689284"]
[BlackFideId "12900427"]
[EventCountry "GER"]
[EventRounds "9"]
[EventType "swiss"]
[EventDate "2015.05.23"]

1. e4 c5 2. Nf3 Nc6 3. d4 cxd4 4. Nxd4 Nf6 5. Nc3 d6 6. f4 e6 7. Nf3 Be7 8. Bd3
a6 9. O-O b5 10. Qe1 Bb7 11. e5 Nd7 12. Qg3 Qb6+ 13. Kh1 g6 14. Ne4 Qc7 15.
exd6 Bxd6 16. Nxd6+ Qxd6 17. b3 Nf6 18. Bb2 Nh5 19. Qh4 Rg8 20. f5 Qf4 21. fxe6
fxe6 22. Qe1 Qd6 23. Ng5 Nf4 24. Rd1 O-O-O 25. Nf7 Qc7 26. Nxd8 Rxd8 27. Be4
Rxd1 28. Qxd1 e5 29. Qg4+ Kb8 30. Bxe5 Qxe5 31. Qxf4 Qxf4 32. Rxf4 g5 33. Rf8+
Ka7 34. Rf7 Kb6 35. Rxh7 Bc8 36. Rh6 Bd7 37. Rg6 g4 38. Bxc6 Bxc6 39. Rxg4 Kc5
40. c3 Be8 41. h4 Kd6 42. Rg5 a5 43. a3 Ke6 44. g4 Kf6 45. Kh2 Bd7 46. Kg3 Kf7
47. Kf4 Kf6 48. Rc5 Be8 49. h5 Kg7 50. Kg5 Kh7 51. Rc7+ Kg8 52. Kf6 a4 53. bxa4
bxa4 54. Rc8 1-0

[Event "DEM U18w 2015"]
[Site "Willingen GER"]
[Date "2015.05.30"]
[Round "9"]
[White "Zahn, Alina"]
[Black "Siegl, Melina"]
[Result "1-0"]
[Termination "normal"]
[Board "5"]
[WhiteElo "2056"]
[BlackElo "1946"]
[WhiteClock "00:52:17"]
[BlackClock "00:27:26"]
[PlyCount "83"]
[WhiteFideId "24696730"]
[BlackFideId "1272126"]
[EventCountry "GER"]
[EventRounds "9"]
[EventType "swiss"]
[EventDate "2015.05.23"]

1. e4 c5 2. Nf3 Nc6 3. d4 cxd4 4. Nxd4 e5 5. Nb5 a6 6. Nd6+ Bxd6 7. Qxd6 Qf6 8.
Qd1 Qg6 9. Nc3 Nge7 10. Be3 d5 11. exd5 Nb4 12. Bd3 Nxd3+ 13. Qxd3 Bf5 14. Qd2
Bxc2 15. O-O Rd8 16. Bc5 Rd7 17. f4 Bd3 18. Rfe1 e4 19. d6 Bc4 20. Qf2 Nf5 21.
Rxe4+ Be6 22. Rae1 O-O 23. Re5 h6 24. Na4 b5 25. Nb6 Rb7 26. Nd5 Bxd5 27. Rxd5
Rd7 28. Qc2 Nh4 29. Qxg6 fxg6 30. Re7 Rxe7 31. dxe7 Re8 32. g4 Kf7 33. Kf2 g5
34. f5 g6 35. b4 gxf5 36. gxf5 h5 37. Ke3 Ng2+ 38. Ke4 Nf4 39. Rd8 h4 40. Rxe8
Kxe8 41. f6 Ng6 42. Kf5 1-0

[Event "DEM U18w 2015"]
[Site "Willingen GER"]
[Date "2015.05.30"]
[Round "9"]
[White "Weber, Sandra"]
[Black "Diederichs, Luise"]
[Result "1/2-1/2"]
[Termination "normal"]
[Board "6"]
[WhiteElo "1862"]
[BlackElo "2076"]
[WhiteClock "00:22:55"]
[BlackClock "00:59:46"]
[PlyCount "41"]
[WhiteFideId "1270049"]
[BlackFideId "24661597"]
[EventCountry "GER"]
[EventRounds "9"]
[EventType "swiss"]
[EventDate "2015.05.23"]

1. e4 c5 2. Nf3 d6 3. d4 cxd4 4. Nxd4 Nf6 5. Nc3 a6 6. Be2 e5 7. Nb3 Be7 8. O-O
O-O 9. Kh1 Be6 10. f4 exf4 11. Bxf4 Nc6 12. a4 Rc8 13. Qe1 Ne5 14. Qg3 Ng6 15.
Be3 Nd7 16. Bd4 Nde5 17. Rad1 Bh4 18. Qe3 Qe7 19. Nd2 Bg5 20. Qg1 Nf4 21. Bf3
1/2-1/2

[Event "DEM U18w 2015"]
[Site "Willingen GER"]
[Date "2015.05.30"]
[Round "9"]
[White "Siegel, Aurelia"]
[Black "Schwarz, Larissa"]
[Result "0-1"]
[Termination "normal"]
[Board "7"]
[WhiteElo "1633"]
[BlackElo "1977"]
[PlyCount "116"]
[WhiteFideId "12929581"]
[BlackFideId "24699004"]
[EventCountry "GER"]
[EventRounds "9"]
[EventType "swiss"]
[EventDate "2015.05.23"]

1. e4 c5 2. c3 Nf6 3. e5 Nd5 4. d4 cxd4 5. Nf3 e6 6. cxd4 Nc6 7. Bc4 d6 8. O-O
Be7 9. a3 O-O 10. Bd3 dxe5 11. dxe5 Bd7 12. Qc2 g6 13. Bh6 Re8 14. Nc3 Nxc3 15.
Qxc3 Rc8 16. Qd2 Qc7 17. Rac1 Red8 18. Rfd1 Be8 19. Qe3 Qa5 20. Be2 Rxd1+ 21.
Rxd1 Qc5 22. Qe4 Qb6 23. b4 a6 24. Be3 Qc7 25. h3 Bf8 26. Bc1 Ne7 27. Be3 Qc2
28. Qxc2 Rxc2 29. Nd4 Ra2 30. Rd3 Nd5 31. Bg5 h6 32. Bh4 Nf4 33. Re3 a5 34. Bf3
axb4 35. axb4 Rb2 36. b5 Bc5 37. Re4 Nd5 38. Ne2 Bxb5 39. Nf4 Nxf4 40. Rxf4 g5
41. Rg4 Be2 42. Bxe2 Rxe2 43. Bg3 Rb2 44. h4 Rb4 45. Rxb4 Bxb4 46. Kf1 Kg7 47.
Ke2 Kg6 48. Kd3 b5 49. hxg5 hxg5 50. f3 Kf5 51. Kc2 Ba5 52. Kb3 Bd2 53. Kc2 Bf4
54. Be1 Bxe5 55. g3 Bd6 56. Kd3 g4 57. f4 e5 58. fxe5 Kxe5 0-1

[Event "DEM U18w 2015"]
[Site "Willingen GER"]
[Date "2015.05.30"]
[Round "9"]
[White "Rosmait, Emily"]
[Black "Braun, Kristin"]
[Result "1-0"]
[Termination "normal"]
[Board "8"]
[WhiteElo "1928"]
[BlackElo "1749"]
[PlyCount "47"]
[WhiteFideId "12937754"]
[BlackFideId "24656534"]
[EventCountry "GER"]
[EventRounds "9"]
[EventType "swiss"]
[EventDate "2015.05.23"]

1. e4 d5 2. exd5 Nf6 3. d4 Nxd5 4. c4 Nb6 5. h3 g6 6. Nf3 Bg7 7. Nc3 O-O 8. Be2
Nc6 9. Be3 Re8 10. O-O e5 11. d5 Ne7 12. Rc1 c6 13. d6 Nf5 14. c5 Nxe3 15. fxe3
Nd7 16. b4 b6 17. Ne4 Bh6 18. Qb3 bxc5 19. bxc5 Rb8 20. Qc3 f5 21. Ned2 Bb7 22.
Rb1 e4 23. Bc4+ Kf8 24. Qh8# 1-0

[Event "DEM U18w 2015"]
[Site "Willingen GER"]
[Date "2015.05.30"]
[Round "9"]
[White "Gläser, Anne"]
[Black "Lagunow, Elina"]
[Result "0-1"]
[Termination "normal"]
[Board "9"]
[WhiteElo "1153"]
[BlackElo "1760"]
[PlyCount "146"]
[WhiteFideId "16208765"]
[BlackFideId "4673387"]
[EventCountry "GER"]
[EventRounds "9"]
[EventType "swiss"]
[EventDate "2015.05.23"]

1. e4 c5 2. d3 Nc6 3. g3 g6 4. Bg2 Bg7 5. f4 e6 6. Nf3 Nge7 7. c3 d5 8. e5 O-O
9. d4 c4 10. O-O b5 11. a3 Bd7 12. Be3 a5 13. Nbd2 Qb6 14. b3 cxb3 15. Nxb3
Rfc8 16. Nc5 Be8 17. Qb3 Nb8 18. Rab1 Na6 19. Nxa6 Rxa6 20. Rfc1 Qc7 21. Bf1 a4
22. Qb4 Nf5 23. Bd2 Bf8 24. Qb2 Qe7 25. Ra1 Rac6 26. Rcb1 Rb6 27. Qc2 b4 28.
axb4 Rxb4 29. Qd3 Bb5 30. Qc2 Bxf1 31. Kxf1 Nxd4 32. Qd1 Rxb1 33. Rxb1 Nxf3 34.
Qxf3 Qc5 35. Qd3 a3 36. Qa6 d4 37. cxd4 Qc4+ 38. Qxc4 Rxc4 39. Rb8 a2 40. Ra8
Rc2 41. Ke2 Rb2 42. Kd3 Rb3+ 43. Kc2 Ra3 44. Rxa3 Bxa3 45. Bc3 Bb4 46. Ba1 Be1
47. Kd1 Bf2 48. Ke2 Bg1 49. h3 Kf8 50. Kf1 Be3 51. Ke2 Bc1 52. Kd1 Ba3 53. Kc2
Bb4 54. Kb3 Be1 55. g4 Bg3 56. f5 gxf5 57. gxf5 exf5 58. d5 Ke7 59. d6+ Kd7 60.
Kxa2 f4 61. Kb3 f3 62. Bd4 f2 63. Bxf2 Bxf2 64. Kc4 Ke6 65. Kb5 Kxe5 66. d7 Bh4
67. Kc6 f5 68. Kc7 f4 69. d8=Q Bxd8+ 70. Kxd8 f3 71. Ke7 f2 72. Kf7 f1=Q+ 73.
Kg7 Qg2+ 0-1

[Event "DEM U18w 2015"]
[Site "Willingen GER"]
[Date "2015.05.30"]
[Round "9"]
[White "Wolff, Marie Antoinette"]
[Black "Kovac, Linda"]
[Result "1/2-1/2"]
[Termination "normal"]
[Board "10"]
[WhiteElo "1596"]
[BlackElo "1562"]
[PlyCount "70"]
[WhiteFideId "12908258"]
[BlackFideId "12938815"]
[EventCountry "GER"]
[EventRounds "9"]
[EventType "swiss"]
[EventDate "2015.05.23"]

1. c4 c5 2. Nc3 g6 3. Nf3 Bg7 4. g3 a6 5. a4 e6 6. Bg2 Ne7 7. O-O Nbc6 8. b3
O-O 9. Rb1 d5 10. cxd5 exd5 11. Ba3 b6 12. Na2 Bf5 13. d3 c4 14. bxc4 dxc4 15.
Nb4 Re8 16. Rc1 Nxb4 17. Bxb4 cxd3 18. exd3 Qxd3 19. Nh4 Rad8 20. Nxf5 Nxf5 21.
Qxd3 Rxd3 22. Rc6 Rb8 23. Rfc1 Rbd8 24. Bf1 Nd4 25. Rc7 Ne6 26. R7c6 R3d4 27.
Rc8 Rxc8 28. Rxc8+ Bf8 29. Bxf8 Nxf8 30. Bxa6 Rxa4 31. Bc4 Rb4 32. Kg2 b5 33.
Bf1 Rb1 34. Rb8 b4 35. Bc4 h5 1/2-1/2

[Event "DEM U18w 2015"]
[Site "Willingen GER"]
[Date "2015.05.30"]
[Round "9"]
[White "Schirrmeister, Laura"]
[Black "Wagner, Swenja"]
[Result "1/2-1/2"]
[Termination "normal"]
[Board "11"]
[WhiteElo "1166"]
[BlackElo "1619"]
[PlyCount "107"]
[WhiteFideId "24694967"]
[BlackFideId "12900494"]
[EventCountry "GER"]
[EventRounds "9"]
[EventType "swiss"]
[EventDate "2015.05.23"]

1. d4 d5 2. e3 Nf6 3. Bd3 e6 4. f4 c5 5. c3 Nc6 6. Nf3 b6 7. O-O Bd6 8. Ne5 Qc7
9. Nd2 O-O 10. Rf3 Bb7 11. Rh3 h6 12. g4 Ne4 13. Nxe4 dxe4 14. Bxe4 Nxe5 15.
Bxb7 Qxb7 16. fxe5 Be7 17. Qf3 Qxf3 18. Rxf3 Rad8 19. Bd2 f6 20. exf6 Bxf6 21.
Raf1 Rfe8 22. Be1 e5 23. dxe5 Rxe5 24. Bg3 Re4 25. R1f2 Rxg4 26. Rf4 Rg6 27.
Kg2 Re8 28. Re2 Bg5 29. Rf3 Rge6 30. Bf2 h5 31. Kf1 Bh6 32. Ke1 Re5 33. Kd1 g5
34. Kd2 Rd8+ 35. Kc2 h4 36. e4 Rde8 37. Kd3 Kg7 38. h3 b5 39. c4 bxc4+ 40. Kxc4
Rxe4+ 41. Rxe4 Rxe4+ 42. Kxc5 g4 43. hxg4 Rxg4 44. Bd4+ Kg8 45. Rh3 Bf8+ 46.
Kd5 Be7 47. Bxa7 Ra4 48. Bf2 Rxa2 49. Bxh4 Bxh4 50. Rxh4 Rxb2 51. Rf4 Rb5+ 52.
Ke4 Rb4+ 53. Ke3 Rxf4 54. Kxf4 1/2-1/2

[Event "DEM U18w 2015"]
[Site "Willingen GER"]
[Date "2015.05.30"]
[Round "9"]
[White "Leinemann, Vivien Sophie"]
[Black "Greßmann, Hanna"]
[Result "0-1"]
[Termination "normal"]
[Board "12"]
[WhiteElo "1425"]
[BlackElo "1717"]
[PlyCount "72"]
[WhiteFideId "16208536"]
[BlackFideId "12930709"]
[EventCountry "GER"]
[EventRounds "9"]
[EventType "swiss"]
[EventDate "2015.05.23"]

1. e4 e5 2. Nf3 Nc6 3. Bb5 a6 4. Ba4 Nf6 5. d3 b5 6. Bb3 Be7 7. O-O O-O 8. c3
d6 9. Re1 Na5 10. Bc2 c5 11. Nbd2 Nc6 12. Nf1 h6 13. Ng3 Re8 14. h3 Bf8 15. a4
Be6 16. Bd2 d5 17. exd5 Bxd5 18. Qe2 c4 19. Nh2 Rb8 20. Ng4 Nxg4 21. Qxg4 Be6
22. Qe4 Bd5 23. Qg4 Qf6 24. dxc4 bxc4 25. Nh5 Qe6 26. Qxe6 Rxe6 27. Ra2 Na5 28.
Bf5 Re7 29. Bxh6 Bc6 30. Bg5 f6 31. Be3 Reb7 32. Bc1 Kf7 33. Ng3 Nb3 34. Ne4 g6
35. Bg4 Bxe4 36. Rxe4 Nxc1 0-1